000 00677nam a2200241Ia 4500
003 OSt
005 20220925231856.0
006 a|||||r|||| 00| 0
007 ta
008 220923b |||||||| |||| 00| 0 eng d
020 _a0631226745
037 _cGeneral Book
040 _aRTL
_cRTL
_beng
041 _2eng
_aeng
082 _aX:75, P2
100 _aSpulber Daniel F Ed.
_9234301
245 0 _aFamour fables of economics
_b Myths of market failu
260 _aMassachusetts
_bBlackwell
_c2002
300 _aviii, 312p.
_ccm.
650 _aPlanned Economy
942 _hX:75, P2
_cGB
_2CC
999 _c589669
_d589669